| 000 | 00953cpcaa2200265 4500 | ||
|---|---|---|---|
| 001 | mm 97006375 | ||
| 003 | DLC | ||
| 005 | 20260227111726.0 | ||
| 008 | 971107|||||||||||| eng | ||
| 010 | _amm 97006375 | ||
| 040 |
_aDLC _cDLC _dDLC _edacs |
||
| 072 | 7 |
_aL _2lcmd |
|
| 100 | 1 |
_aMcCutcheon, George Barr, _d1866-1928. |
|
| 245 | 0 | 0 |
_aGeorge Barr McCutcheon, _f1899. |
| 300 |
_a1 _fitem. |
||
| 506 | 0 | _aOpen to research. | |
| 520 | 8 | _aPhotocopy of letter (1899 July 5; Lafayette, Ind.) from McCutcheon to H. S. Stone & Co. regarding publication of his writings. | |
| 545 | 0 | _aAuthor. | |
| 546 | _aCollection material in English. | ||
| 580 | _aForms part of: Miscellaneous Manuscripts collection. | ||
| 610 | 2 | 0 |
_aH.S. Stone & Co. _vCorrespondence. |
| 656 | 7 |
_aAuthors. _2itoamc |
|
| 999 |
_c44423 _d44423 |
||